[Event "POL-chT2"]
[Site "Augustow"]
[Date "1997.??.??"]
[Round "?"]
[White "Bortkun, Piotr"]
[Black "Lachowski, Adam"]
[Result "0-1"]
[WhiteElo "2075"]
[BlackElo "2205"]
[PlyCount "60"]
[EventDate "1997.??.??"]
[EventType "team-tourn"]
[EventRounds "9"]
[EventCountry "POL"]
[SourceTitle "EXT 2003"]
[Source "ChessBase"]
[SourceDate "2002.11.25"]
[SourceVersion "1"]
[SourceVersionDate "2002.11.25"]
[SourceQuality "1"]

1. d4 Nf6 2. Nf3 c5 3. d5 e6 4. dxe6 fxe6 5. g3 d5 6. Bg2 Bd6 7. 0-0 0-0 8. c3 Qe8 9. Nbd2 Qh5 10. Re1 Nc6 11. e4 Bd7 12. Nc4 Bc7 13. exd5 exd5 14. Ne3 Kh8 15. h4 d4 16. cxd4 cxd4 17. Nxd4 Nxd4 18. Qxd4 Bb6 19. Qd1 Bg4 20. Nxg4 Nxg4 21. Be3 Bxe3 22. fxe3 Rad8 23. Qa4 b5 24. Qxa7 Qe5 25. Rf1 Qxg3 26. Rf7 Rxf7 27. Qxf7 Qh2+ 28. Kf1 Nxe3+ 29. Kf2 Qxg2+ 30. Kxe3 Qd2+ 0-1